Television Twosomes Quiz Stats

 Plays Quiz Updated Nov 9, 2018

Also try: Disney Twosomes
Challenge
Share
Tweet
Embed
Score 0/23 Timer 06:00
0 Plays Today
Series Run Show % Correct
2010-2016Mike & Molly
70.8%
1976-1983Laverne & Shirley
49%
1998-2006, 2017-presentWill & Grace
45.5%
2015-presentGrace and Frankie
43.1%
1975-1979Starsky & Hutch
37.8%
1978-1982Mork & Mindy
37.1%
1982-1988Cagney & Lacey
26.3%
1991-1996Ren & Stimpy Show
25.2%
1997-2002Dharma & Greg
21.5%
2013-presentRick and Morty
18.5%
1984-1989Kate & Allie
17.1%
2007-2015Phineas and Ferb
16.9%
Series Run Show % Correct
1993-1997Beavis & Butt-Head
16.7%
1972-1977Sanford and Son
12.6%
1951-1953The Amos 'n' Andy Show
9.7%
1981-1989Simon & Simon
9.7%
1995-1998Pinky and the Brain
8.9%
1959-1964The Rocky and Bullwinkle Show
8.1%
1974-1978Chico and the Man
8%
2003-2006Hope & Faith
7.3%
1993-1997Lois & Clark: The New Adventures of Superman
5.1%
1983-1986Hardcastle and McCormick
4.3%
1987-1990Beauty and the Beast
2%

You're not logged in!

Compare scores with friends on all Sporcle quizzes.
OR
Log In

You Might Also Like...

Show Comments

Extras

Top Quizzes Today


Score Distribution

Your Account Isn't Verified!

In order to create a playlist on Sporcle, you need to verify the email address you used during registration. Go to your Sporcle Settings to finish the process.

Report this User

Report this user for behavior that violates our Community Guidelines.

Details: